000 00903cam a22002657a 4500
001 2538787
005 20240219134537.0
008 941205m19401946ii 000 0 urd
010 _a 93939511
040 _aDLC
_cDLC
_dDLC
050 0 0 _aMLCMA 94/1304 (P)
082 _a892.73
_bALI
130 0 _aArabian nights.
_lUrdu
_9120716
245 1 0 _aAlif lailah va lailah /
_cmutarajjamah, Abūlḥasan Manṣūr.
260 _aDihlī :
_bAnjuman Taraqqī-yi Urdū, Hind,
_c1940-46.
300 _av. 1-4, 6-7 :
_c23 cm.
440 0 _aSilsilah-yi mat̤būʻāt-i Anjuman Taraqqī-yi Urdū, Hind ;
_v151, 167, 1177, 201, 234
_9120717
500 _aStories.
500 _aTranslated from Arabic.
500 _aComplete in 7 v.; LC does not have vols. 6.
700 1 _aMansur, Abulhasan.
_9120718
906 _a7
_bcbc
_corignew
_du
_encip
_f19
_gy-gencatlg
942 _2ddc
_cBK
999 _c523273
_d523273